<?xml version="1.0" encoding="UTF-8"?>
<record
    xmlns:xsi="http://www.w3.org/2001/XMLSchema-instance"
    xsi:schemaLocation="http://www.loc.gov/MARC21/slim http://www.loc.gov/standards/marcxml/schema/MARC21slim.xsd"
    xmlns="http://www.loc.gov/MARC21/slim">

  <leader>01466nam a2200265 a 4500</leader>
  <controlfield tag="001"> </controlfield>
  <controlfield tag="003">DO-SdBNP</controlfield>
  <controlfield tag="005">20220325083204.0</controlfield>
  <controlfield tag="008">190124s2016    dr a    r     000 0 spa d</controlfield>
  <datafield tag="020" ind1=" " ind2=" ">
    <subfield code="a">9789945167672</subfield>
  </datafield>
  <datafield tag="040" ind1=" " ind2=" ">
    <subfield code="a">DO-SdBNP</subfield>
    <subfield code="b">spa</subfield>
    <subfield code="c">BPMSU </subfield>
  </datafield>
  <datafield tag="082" ind1=" " ind2=" ">
    <subfield code="a">923.297293</subfield>
    <subfield code="b">P426P 2016</subfield>
    <subfield code="2">22</subfield>
  </datafield>
  <datafield tag="100" ind1="1" ind2=" ">
    <subfield code="a">Peralta Michel, Jos&#xE9;</subfield>
    <subfield code="d"> 1941-1963</subfield>
  </datafield>
  <datafield tag="245" ind1="1" ind2="0">
    <subfield code="a">Alfredo Peralta Michel :</subfield>
    <subfield code="b">m&#xE1;rtir de Las Manaclas /</subfield>
    <subfield code="c">Jos&#xE9; Peralta Michel; pr&#xF3;logo Frank Moya Pons </subfield>
  </datafield>
  <datafield tag="260" ind1=" " ind2=" ">
    <subfield code="a">Santo Domingo :</subfield>
    <subfield code="b">B&#xFA;ho,</subfield>
    <subfield code="c">2016.</subfield>
  </datafield>
  <datafield tag="300" ind1=" " ind2=" ">
    <subfield code="a">87 p. :</subfield>
    <subfield code="b">il. ;</subfield>
    <subfield code="c">26 cm.</subfield>
  </datafield>
  <datafield tag="505" ind1=" " ind2=" ">
    <subfield code="a">CONTENIDO: --Alfredo Antonio en mi memoria --Fotograf&#xED;as de su ni&#xF1;ez --La muerte de Alfredo Antonio y otros hechos de Las Manaclas --Poema p&#xF3;stumo --Ayuntamiento de La Vega declara Hijo meritorio p&#xF3;st-mortem --Peque&#xF1;a semblanza de Alfredo --Un testimonio revelador de la ingente resistencia a la tiran&#xED;a --Fotograf&#xED;as de Alfredo y el 14 de Junio --Peralta Michel cuenta muerte de su hermano --Comit&#xE9; organizador realiza actos en La Vega --Fotos en el Museo Memorial de Resistencia --Orgullosamente vivo en la calle Alfredo</subfield>
  </datafield>
  <datafield tag="590" ind1=" " ind2=" ">
    <subfield code="a">Inventariado, 2019 / DG</subfield>
  </datafield>
  <datafield tag="600" ind1="1" ind2="4">
    <subfield code="a">Peralta Michel, Alfredo Antonio   </subfield>
    <subfield code="d"> 1941-1963</subfield>
    <subfield code="v">Homenajes</subfield>
  </datafield>
  <datafield tag="650" ind1=" " ind2="4">
    <subfield code="a">Resistencia civil</subfield>
    <subfield code="z"> Las Manaclas (San Jos&#xE9; de las Matas, Rep&#xFA;blica Dominicana) </subfield>
  </datafield>
  <datafield tag="651" ind1=" " ind2="4">
    <subfield code="a">Rep&#xFA;blica Dominicana</subfield>
    <subfield code="x">Historia</subfield>
    <subfield code="y">Era de Trujillo, 1930-1961</subfield>
  </datafield>
  <datafield tag="700" ind1="1" ind2=" ">
    <subfield code="a">Moya Pons, Frank </subfield>
    <subfield code="c">pr&#xF3;logo </subfield>
  </datafield>
  <datafield tag="910" ind1=" " ind2=" ">
    <subfield code="a">VMateo V.</subfield>
  </datafield>
  <datafield tag="942" ind1=" " ind2=" ">
    <subfield code="2">ddc</subfield>
    <subfield code="c">BK</subfield>
  </datafield>
  <datafield tag="952" ind1=" " ind2=" ">
    <subfield code="0">0</subfield>
    <subfield code="1">0</subfield>
    <subfield code="2">ddc</subfield>
    <subfield code="4">0</subfield>
    <subfield code="7">0</subfield>
    <subfield code="8">CD</subfield>
    <subfield code="a">BPMET</subfield>
    <subfield code="b">BPMET</subfield>
    <subfield code="d">2022-03-25</subfield>
    <subfield code="l">0</subfield>
    <subfield code="o">BPMSU CD 923.297293 P426P 2016</subfield>
    <subfield code="p">BPMSU22030119</subfield>
    <subfield code="r">2022-03-25</subfield>
    <subfield code="w">2022-03-25</subfield>
    <subfield code="y">BK</subfield>
  </datafield>
  <datafield tag="999" ind1=" " ind2=" ">
    <subfield code="c">13921</subfield>
    <subfield code="d">13921</subfield>
  </datafield>
</record>
